EUG europagesetze

Gardado en:
Detalles Bibliográficos
Formato: Libro
Idioma:alemán
Publicado: Múnich Wilhelm Goldmann 1964
Subjects:
Tags: Engadir etiqueta
Sen Etiquetas, Sexa o primeiro en etiquetar este rexistro!

MARC

LEADER 00000nam a2200000 a 4500
001 UCH1092
003 CL-VaPUC
008 090409e19640000GW |||||||||||||||||ger|d
082 0 4 |a 341.24  |b EUG  |2 21 
245 1 0 |a EUG europagesetze 
300 |a v 
942 |c BK 
945 |d 20090409 00:00:00  |a rbrito 
260 |a Múnich  |b Wilhelm Goldmann  |c 1964 
650 7 |a INSTITUCIONES DE DERECHO CIVIL  |2 CL-VaPUC  |9 535435 
651 0 |a Europa  |9 255156 
583 |a last modification  |c 20090409 00:00:00  |k Rodrigo Vera 
999 |c 333171  |d 333169 
952 |0 0  |1 0  |4 0  |6 341_240000000000000_EUG_1964  |7 0  |8 P  |9 421374  |a BIBDER  |b BIBDER  |d 2019-11-22  |h v.1  |i 452974K  |o 341.24 EUG 1964  |p 452974K  |r 2023-01-25  |w 2019-11-22  |y BK  |k DER 
952 |0 0  |1 0  |4 0  |6 341_240000000000000_EUG_1964  |7 0  |8 P  |9 421375  |a BIBDER  |b BIBDER  |d 2019-11-22  |h v.3  |i 4529758  |o 341.24 EUG 1964  |p 4529758  |r 2023-01-25  |w 2019-11-22  |y BK  |k DER